Answering back : (Record no. 8849)
[ view plain ]
| 000 -LEADER | |
|---|---|
| fixed length control field | 00952cam a2200277 a 4500 |
| 001 - CONTROL NUMBER | |
| control field | 709642 |
| 003 - CONTROL NUMBER IDENTIFIER | |
| control field | OSt |
| 005 - DATE AND TIME OF LATEST TRANSACTION | |
| control field | 20240625154704.0 |
| 008 - FIXED-LENGTH DATA ELEMENTS--GENERAL INFORMATION | |
| fixed length control field | 970723s1998 enk b 001 0 eng |
| 010 ## - LIBRARY OF CONGRESS CONTROL NUMBER | |
| LC control number | 97030848 |
| 020 ## - INTERNATIONAL STANDARD BOOK NUMBER | |
| International Standard Book Number | 0415181909 (hbk.) |
| 020 ## - INTERNATIONAL STANDARD BOOK NUMBER | |
| International Standard Book Number | 0415181917 (pbk.) |
| 040 ## - CATALOGING SOURCE | |
| Transcribing agency | MUST |
| 043 ## - GEOGRAPHIC AREA CODE | |
| Geographic area code | u-at--- |
| 082 00 - DEWEY DECIMAL CLASSIFICATION NUMBER | |
| Classification number | 370.82 |
| Edition number | 22 |
| 100 ## - MAIN ENTRY--PERSONAL NAME | |
| Personal name | Kenway, Jane |
| 9 (RLIN) | 17882 |
| 245 00 - TITLE STATEMENT | |
| Title | Answering back : |
| Remainder of title | girls, boys, and feminism in schools / |
| Statement of responsibility, etc. | Jane Kenway ... [et al.]. |
| 260 ## - PUBLICATION, DISTRIBUTION, ETC. (IMPRINT) | |
| Place of publication, distribution, etc. | London ; |
| -- | New York : |
| Name of publisher, distributor, etc. | Routledge, |
| Date of publication, distribution, etc. | 1998. |
| 300 ## - PHYSICAL DESCRIPTION | |
| Extent | xxi, 225 p. ; |
| Dimensions | 22 cm. |
| 504 ## - BIBLIOGRAPHY, ETC. NOTE | |
| Bibliography, etc | Includes bibliographical references (p. 214-219) and index. |
| 650 #0 - SUBJECT ADDED ENTRY--TOPICAL TERM | |
| Topical term or geographic name as entry element | Feminism and education |
| Geographic subdivision | Australia. |
| 9 (RLIN) | 17883 |
| 650 #0 - SUBJECT ADDED ENTRY--TOPICAL TERM | |
| Topical term or geographic name as entry element | Sex differences in education |
| Geographic subdivision | Australia. |
| 9 (RLIN) | 17884 |
| 700 1# - ADDED ENTRY--PERSONAL NAME | |
| Personal name | Kenway, Jane. |
| 9 (RLIN) | 17882 |
| 942 ## - ADDED ENTRY ELEMENTS (KOHA) | |
| Source of classification or shelving scheme | Dewey Decimal Classification |
| Koha item type | Open Shelf |
| Withdrawn status | Lost status | Source of classification or shelving scheme | Damaged status | Not for loan | Home library | Current library | Date acquired | Source of acquisition | Inventory number | Total Checkouts | Full call number | Barcode | Date last seen | Price effective from | Koha item type |
|---|---|---|---|---|---|---|---|---|---|---|---|---|---|---|---|
| Other/Generic Classification Scheme | MUST Main Library | MUST Main Library | 25/06/2024 | Purchase | 05/23563 | 370.82 KEN 1998 | 2024-21326 | 25/06/2024 | 25/06/2024 | Open Shelf | |||||
| Dewey Decimal Classification | MUST Main Library | MUST Main Library | 03/07/2024 | Purchase | 2004/21506 | 370.42 KEN 1998 | 2024-21705 | 03/07/2024 | 03/07/2024 | Open Shelf | |||||
| Dewey Decimal Classification | MUST Main Library | MUST Main Library | 11/12/2024 | Purchase | 05/23564 | 370.82 ANS 1998 | 2024-22600 | 11/12/2024 | 11/12/2024 | Open Shelf |
